[Event "Let's Play Chess!"]
[Site "http://www.queenalice.com/game.php?id=340673"]
[Date "2008.1.23"]
[Round "-"]
[White "DCC15"]
[Black "spawnwolfwolverine"]
[Result "0-1"]
[WhiteElo "1002"]
[BlackElo "1628"]

1. Nf3 d6 2. Nc3 e5 3. g3 Nf6 4. b3 Be7 5. Bg2 O-O 6. O-O b6 7. d3 Bb7 8. a3 a5
9. Ne1 Bxg2 10. Kxg2 c5 11. Nb5 Nc6 12. a4 d5 13. Na3 c4 14. bxc4 dxc4 15. Nxc4
Nd4 16. Rb1 Rb8 17. Be3 Bc5 0-1

[Event "AUTO-OPEN-982"]
[Site "http://www.queenalice.com/game.php?id=341794"]
[Date "2008.1.24"]
[Round "1"]
[White "bjornboy"]
[Black "DCC15"]
[Result "1-0"]
[WhiteElo "1524"]
[BlackElo "974"]

1. e4 a5 2. d4 Nc6 3. Nf3 Ra6 4. Bxa6 bxa6 5. Nc3 e6 6. O-O Bb4 7. Qd2 Bb7 8.
Qd3 Nf6 9. e5 Ng4 10. h3 Nh6 11. Bd2 d5 12. exd6 cxd6 13. a3 Bxc3 14. Bxc3 a4
15. d5 Na5 16. Bxg7 Rg8 17. Bc3 Bxd5 18. Qxh7 Rf8 19. Bxa5 Qxa5 20. Qxh6 Qc5 21.
Ng5 Rg8 22. Qh7 Kf8 23. Qxf7# 1-0

[Event "AUTO-OPEN-982"]
[Site "http://www.queenalice.com/game.php?id=341822"]
[Date "2008.1.24"]
[Round "1"]
[White "Dorval_Player"]
[Black "DCC15"]
[Result "0-1"]
[WhiteElo "1229"]
[BlackElo "990"]

1. e4 Nc6 2. d4 a6 3. Nf3 Nf6 4. Nc3 e6 5. Be2 a5 6. O-O Bb4 7. Qd3 Ra6 8. Be3
d6 9. Qd2 Nh5 10. Bxa6 bxa6 0-1

[Event "AUTO-OPEN-982"]
[Site "http://www.queenalice.com/game.php?id=341840"]
[Date "2008.1.24"]
[Round "1"]
[White "DaHunter"]
[Black "DCC15"]
[Result "1-0"]
[WhiteElo "1404"]
[BlackElo "974"]

1. d4 a5 2. e4 Ra6 3. Bxa6 bxa6 4. Nf3 Bb7 5. Nc3 e6 6. O-O Be7 7. Bf4 Nf6 8.
Re1 Bc6 9. d5 exd5 10. exd5 Bb5 11. Nxb5 c6 12. dxc6 Nxc6 13. Bd6 axb5 14. Nd4
O-O 15. Nxc6 Qc8 16. Nxe7+ Kh8 17. Nxc8 Rxc8 18. Be5 Ne8 19. Qxd7 Nf6 20. Qxc8+
Ng8 21. Rad1 h6 22. Rd8 f6 23. Qe6 Kh7 24. Qxg8+ Kg6 25. Bxf6 Kxf6 26. h4 Kf5
27. Qe6+ Kf4 28. Qe4# 1-0

[Event "AUTO-OPEN-982"]
[Site "http://www.queenalice.com/game.php?id=341841"]
[Date "2008.1.24"]
[Round "1"]
[White "DCC15"]
[Black "DaHunter"]
[Result "0-1"]
[WhiteElo "968"]
[BlackElo "1572"]

1. Nf3 d5 2. h4 Nc6 3. h5 h6 4. Rh4 e5 5. d3 Nf6 6. a4 Be7 7. Ra3 Bxa3 8. bxa3
O-O 9. Nc3 Qe7 10. g3 Be6 11. Bg5 hxg5 12. Rh1 g4 13. Ng5 Qxa3 14. Qd2 Qa1+ 15.
Qd1 Qxc3+ 16. Qd2 Qxd2+ 17. Kxd2 d4 18. Bg2 Bd5 19. Rh2 Bxg2 20. Rxg2 Nxh5 21.
Rh2 g6 22. Ne4 a6 23. Ng5 b5 24. axb5 axb5 0-1

[Event "AUTO-OPEN-983"]
[Site "http://www.queenalice.com/game.php?id=342137"]
[Date "2008.1.24"]
[Round "1"]
[White "EDISAN"]
[Black "DCC15"]
[Result "0-1"]
[WhiteElo "1166"]
[BlackElo "966"]

1. d4 Nf6 2. c4 e6 3. h4 a5 4. a4 Bb4+ 5. Nd2 Ra6 6. e4 h5 7. Rh3 Ng4 8. Nf3 d6
9. Rg3 e5 10. dxe5 dxe5 11. Qb3 Rb6 12. c5 Rc6 13. Bc4 Rxc5 14. Kf1 b5 15. Be2
Be6 16. Nxe5 Bxb3 17. Nxb3 Qxh4 18. Rh3 Qxf2# 0-1

[Event "AUTO-OPEN-983"]
[Site "http://www.queenalice.com/game.php?id=342138"]
[Date "2008.1.24"]
[Round "1"]
[White "DCC15"]
[Black "EDISAN"]
[Result "0-1"]
[WhiteElo "1051"]
[BlackElo "1140"]

1. Nf3 d5 2. e3 a5 3. a4 h5 4. Bb5+ Nd7 5. Ne5 c6 6. Bd3 Nxe5 7. Ra3 Bg4 8. Be2
e6 9. f3 Bf5 10. e4 Bh7 11. Rb3 b6 12. d4 h4 13. f4 Nd7 14. e5 Be4 15. Nc3 Bxg2
16. Rg1 Bh3 17. Bd2 Bf5 18. Rg5 Bh7 19. Be3 Nh6 20. Bd3 Ng4 21. Qxg4 g6 22. Qg2
Bg8 0-1

[Event "AUTO-OPEN-983"]
[Site "http://www.queenalice.com/game.php?id=342163"]
[Date "2008.1.24"]
[Round "1"]
[White "franzjonas"]
[Black "DCC15"]
[Result "0-1"]
[WhiteElo "1175"]
[BlackElo "1051"]

1. Nf3 Nf6 2. Nc3 Nc6 3. g3 a5 4. e4 e6 5. d4 Bb4 6. Bd2 Ra6 7. e5 Ng4 8. Bxa6
bxa6 9. d5 exd5 10. Nxd5 Bc5 11. Ne3 Ngxe5 12. Nxe5 Nxe5 13. Bxa5 Bb7 14. Nf5
Nf3+ 15. Kf1 Be4 16. Nxg7+ Kf8 17. Bc3 f6 18. b4 Bd6 19. Nf5 Bxf5 0-1

[Event "AUTO-OPEN-983"]
[Site "http://www.queenalice.com/game.php?id=342164"]
[Date "2008.1.24"]
[Round "1"]
[White "DCC15"]
[Black "franzjonas"]
[Result "1-0"]
[WhiteElo "1072"]
[BlackElo "1154"]

1. Nf3 Nf6 2. Nc3 Nc6 3. a4 e5 4. a5 d5 5. e3 e4 6. Ng5 Bg4 7. Bb5 Bxd1 8. Kxd1
a6 9. Ba4 h6 10. Nh3 Bb4 11. Nb1 Bxa5 12. Ra3 O-O 13. Nf4 Nb4 14. h4 Qd6 15. g3
Qc5 16. Rc3 Qb6 17. b3 Na2 18. Bb2 Nxc3+ 19. Bxc3 Bxc3 20. dxc3 1-0

[Event "AUTO-OPEN-983"]
[Site "http://www.queenalice.com/game.php?id=342182"]
[Date "2008.1.24"]
[Round "1"]
[White "rangeljs"]
[Black "DCC15"]
[Result "1-0"]
[WhiteElo "1803"]
[BlackElo "974"]

1. e4 Nf6 2. Bc4 e6 3. Qf3 Be7 4. e5 Nh5 5. Qxh5 g6 6. Qf3 a5 7. d4 b6 8. Qxa8
Bb7 9. Qxb7 Nc6 10. d5 exd5 11. Bxd5 Bb4+ 12. c3 Bc5 13. Bxc6 dxc6 14. Qxc6+ Kf8
15. Nf3 g5 16. Bxg5 Rg8 17. Bh6+ Ke7 18. Nbd2 Rg6 19. Qe4 Rxh6 20. O-O-O c6 21.
Nc4 Qb8 22. Qf4 Rg6 23. Ng5 b5 24. Qxf7# 1-0

[Event "AUTO-BEG-177"]
[Site "http://www.queenalice.com/game.php?id=343286"]
[Date "2008.1.26"]
[Round "1"]
[White "princessbarbie"]
[Black "DCC15"]
[Result "1-0"]
[WhiteElo "1596"]
[BlackElo "970"]

1. d4 e6 2. Nf3 a5 3. e4 Bb4+ 4. c3 Be7 5. Bc4 a4 6. a3 Ra5 7. O-O Nf6 8. e5 Ne4
9. b4 d5 10. bxa5 dxc4 11. Qxa4+ Bd7 12. Qxc4 b5 13. axb6 cxb6 14. Rd1 b5 15.
Qe2 f5 16. exf6 gxf6 17. Qxe4 f5 18. Qe5 Rf8 19. Bh6 Rf6 20. Bg5 Kf7 21. d5 exd5
22. Rxd5 Re6 23. Qxf5+ Ke8 24. Nbd2 1-0

[Event "AUTO-BEG-177"]
[Site "http://www.queenalice.com/game.php?id=343287"]
[Date "2008.1.26"]
[Round "1"]
[White "DCC15"]
[Black "princessbarbie"]
[Result "0-1"]
[WhiteElo "981"]
[BlackElo "1234"]

1. e4 e5 2. a4 c5 3. Nc3 Nf6 4. Nb5 Nc6 5. Ra3 d5 6. exd5 Nxd5 7. Bc4 Bf5 8. Qf3
Nd4 9. Qd1 Nxc2+ 10. Ke2 Nxa3 11. Ba2 Nf4+ 12. Kf1 Bd3+ 13. Ke1 Nxg2# 0-1

[Event "AUTO-BEG-177"]
[Site "http://www.queenalice.com/game.php?id=343312"]
[Date "2008.1.26"]
[Round "1"]
[White "marlonpro"]
[Black "DCC15"]
[Result "1-0"]
[WhiteElo "1327"]
[BlackElo "972"]

1. e4 e6 2. e5 a5 3. d4 d5 4. exd6 cxd6 5. d5 exd5 6. Qxd5 Be6 7. Qb5+ Nd7 8.
Qxb7 d5 9. Bb5 Be7 10. Bf4 d4 11. Bc7 Bd5 12. Qxd5 Qxc7 13. Qxa8+ Bd8 14. Nf3
Nf6 15. O-O Nh5 16. Re1+ 1-0

[Event "AUTO-BEG-177"]
[Site "http://www.queenalice.com/game.php?id=343313"]
[Date "2008.1.26"]
[Round "1"]
[White "DCC15"]
[Black "marlonpro"]
[Result "0-1"]
[WhiteElo "974"]
[BlackElo "1325"]

1. e4 e5 2. d3 f6 3. Bd2 c5 4. Nc3 a5 5. Be2 g5 6. Na4 Ra6 7. Bh5+ Ke7 8. Nxc5
Rc6 9. Nb3 Nh6 10. Nf3 b6 11. a4 Ba6 12. h4 g4 13. Ng1 b5 14. Nxa5 Rc5 15. Ra3
Nc6 16. b4 Nxb4 0-1